000 00452nam a2200193Ia 4500
003 OSt
005 20230509164038.0
008 210423s2001 xx 000 0 und d
040 _cAL
041 _aeng
082 _a294.3
_223
_bCHIK
100 _aCHINMAYANANDA (Swami).
_9101724
245 _aKindle life.
260 _aMumbai
_bCentral Chinmaya Mission
_c2001
300 _bPB
365 _cINR
906 _aKindle ; life.
942 _2ddc
_cBK
999 _c171794
_d171794